Diseño de pavimento flexible para tramo de 6.67 km de Carretera Miralagos- Cuyali

El presente estudio consiste en el diseño de 6.67 km de estructura de pavimento flexible para el tramo de carretera Miralagos-Cuyalí, ubicado en el departamento de Jinotega, por el método de la Asociación Americana Oficial de Transportes y Carreteras AASHTO-93, asimismo aborda estudio de tránsi...

Full description

Bibliographic Details
Main Author: Gómez Polanco, Juan Pablo
Other Authors: Tutor: Morales Urbina, Israel
Format: Tesis Section = Libro
Language:Undetermined
Spanish
Published: Managua UNI 2015
Subjects:
LEADER 01108nam a2200241Ia 4500
008 240830s9999 xx 000 0 und d
040 |a BIBLIOTECA-RUPAP T.Mon 625.85 G633 
041 |a spa 
082 |a T.Mon 625.85 G633 
100 1 |a Gómez Polanco, Juan Pablo 
245 1 0 |a Diseño de pavimento flexible para tramo de 6.67 km de Carretera Miralagos- Cuyali 
260 |a Managua  |b UNI  |c 2015 
300 |a 77 p. :il. 
500 |a Contiene: anexos e Incluye: CD. 
502 |a Tesis (Ingeniero Civil)- UNI, 2015. 
520 3 |a El presente estudio consiste en el diseño de 6.67 km de estructura de pavimento flexible para el tramo de carretera Miralagos-Cuyalí, ubicado en el departamento de Jinotega, por el método de la Asociación Americana Oficial de Transportes y Carreteras AASHTO-93, asimismo aborda estudio de tránsito, estudio de suelo y diseño de espesores de pavimento flexible. 
650 7 |a PAVIMENTOS-DISEÑO 
650 7 |b PAVIMENTOS FLEXIBLES 
650 7 |c INGENIERIA DE CARRETERAS 
700 1 |a Tutor:  |b Morales Urbina, Israel 
942 |c BK  |2 ddc 
991 |a TESIS 
999 |c 18333